Soprannomi dei personaggi storici - Statistics

Statistiche generali
  • Questo quiz è stato fatto 503 volte
  • Il punteggio medio è 18 su 30
Statistiche sulle risposte
Epiteto Personaggio % Corretto
Il duce Benito Mussolini
98%
Il fuhrer Adolf Hitler
97%
Il magnifico Lorenzo de' Medici
90%
Il sommo poeta Dante Alighieri
87%
Il re sole Luigi XIV di Francia
87%
L'africano Publio Cornelio Scipione
87%
Il senza terra Giovanni d'Inghilterra
85%
Il terribile Ivan IV di Russia
84%
L'eroe dei due mondi Giuseppe Garibaldi
79%
La regina vergine Elisabetta I d'Inghilterra
78%
La sanguinaria Maria I d'Inghilterra
78%
Il Cristo Gesù di Nazareth
77%
Il cuor di leone Riccardo I d'Inghilterra
74%
Il Barbarossa Federico I di Svevia
62%
L'impalatore Vlad III di Valacchia
61%
Il vate Gabriele d'Annunzio
60%
Il cancelliere di ferro Otto von Bismarck
57%
Il papa buono Giovanni XXIII
56%
La lady di ferro Margaret Thatcher
55%
Il caudillo Francisco Franco
45%
Il conquistatore Guglielmo I d'Inghilterra
45%
L'uomo d'acciaio Josif Stalin
43%
Il piccolo caporale Napoleone Bonaparte
43%
La volpe del deserto Erwin Rommel
42%
Lo stupore del mondo Federico II di Svevia
35%
Il cigno di Busseto Giuseppe Verdi
30%
Il temporeggiatore Quinto Fabio Massimo
29%
Il re galantuomo Vittorio Emanuele II di Savoia
28%
Barbanera Edward Teach
21%
Il giovane pretendente Carlo Edoardo Stuart
8%
Nessun quiz corrispondente trovato
Distribuzione punteggi
Percentuale di utenti per punteggio
Percentile per numero di risposta
I tuoi punteggi nel tempo
Non hai fatto questo quiz